Speeding up system C simulations using process splitting / (رقم التسجيلة. 3573)

تفاصيل مارك
000 -LEADER
fixed length control field 014160000a22003370004500
003 - CONTROL NUMBER IDENTIFIER
control field EG-GICUC
005 - DATE AND TIME OF LATEST TRANSACTION
control field 20250223025013.0
008 - FIXED-LENGTH DATA ELEMENTS--GENERAL INFORMATION
fixed length control field 070920s2007 ua d f m 000 0 eng d
040 ## - CATALOGING SOURCE
Original cataloging agency EG-GICUC
Language of cataloging eng
Transcribing agency EG-GICUC
041 0# - LANGUAGE CODE
Language code of text/sound track or separate title Eng
049 ## - LOCAL HOLDINGS (OCLC)
Holding library Deposite
097 ## - Thesis Degree
Thesis Level M.Sc
099 ## - LOCAL FREE-TEXT CALL NUMBER (OCLC)
Classification number Cai01.13.08.M.Sc.2007.Yo.S
100 0# - MAIN ENTRY--PERSONAL NAME
Personal name Youssef Nagy Naguib
245 10 - TITLE STATEMENT
Title Speeding up system C simulations using process splitting /
Statement of responsibility, etc. Youssef Nagy Naguib ; Supervised Serag Eldin Habib , Rafik Safwat Guindi
246 15 - VARYING FORM OF TITLE
Title proper/short title اسراع المحاكاة للغة System C عن طريق تقسيم العمليات
260 ## - PUBLICATION, DISTRIBUTION, ETC.
Place of publication, distribution, etc. Cairo :
Name of publisher, distributor, etc. Youssef Nagy Naguib ,
Date of publication, distribution, etc. 2007
300 ## - PHYSICAL DESCRIPTION
Extent 95P. :
Other physical details charts ;
Dimensions 30cm
502 ## - DISSERTATION NOTE
Dissertation note Thesis (M.Sc.) - Cairo University - Faculty Of Engineering - Department Of Electronics and Communications
520 ## - SUMMARY, ETC.
Summary, etc. This theses presents a new approach that can be used to speed up systemC simulations by automatically optimizing the model for simulation.The work addresses the inefficiency of the standrad systemC scheduler that may lead
530 ## - ADDITIONAL PHYSICAL FORM AVAILABLE NOTE
Additional physical form available note Issued also as CD
653 #4 - INDEX TERM--UNCONTROLLED
Uncontrolled term Process splitting
653 #4 - INDEX TERM--UNCONTROLLED
Uncontrolled term System C
653 #4 - INDEX TERM--UNCONTROLLED
Uncontrolled term System C simulations
700 0# - ADDED ENTRY--PERSONAL NAME
Personal name Rafik Safwat Guindi ,
Relator term
700 0# - ADDED ENTRY--PERSONAL NAME
Personal name Serag Eldin Habib ,
Relator term
856 ## - ELECTRONIC LOCATION AND ACCESS
Uniform Resource Identifier <a href="http://172.23.153.220/th.pdf">http://172.23.153.220/th.pdf</a>
905 ## - LOCAL DATA ELEMENT E, LDE (RLIN)
Cataloger Mustafa
Reviser Revisor
905 ## - LOCAL DATA ELEMENT E, LDE (RLIN)
Cataloger Nazla
Reviser Cataloger
942 ## - ADDED ENTRY ELEMENTS (KOHA)
Source of classification or shelving scheme Dewey Decimal Classification
Koha item type Thesis
المقتنيات
Source of classification or shelving scheme Not for loan Home library Current library Date acquired Full call number Barcode Date last seen Koha item type Copy number
Dewey Decimal Classification   المكتبة المركزبة الجديدة - جامعة القاهرة قاعة الرسائل الجامعية - الدور الاول 11.02.2024 Cai01.13.08.M.Sc.2007.Yo.S 01010110047742000 22.09.2023 Thesis  
Dewey Decimal Classification   المكتبة المركزبة الجديدة - جامعة القاهرة مخـــزن الرســائل الجـــامعية - البدروم 11.02.2024 Cai01.13.08.M.Sc.2007.Yo.S 01020110047742000 22.09.2023 CD - Rom 47742.CD
Cairo University Libraries Portal Implemented & Customized by: Eng. M. Mohamady Contacts: new-lib@cl.cu.edu.eg | cnul@cl.cu.edu.eg
CUCL logo CNUL logo
© All rights reserved — Cairo University Libraries
CUCL logo
Implemented & Customized by: Eng. M. Mohamady Contact: new-lib@cl.cu.edu.eg © All rights reserved — New Central Library
CNUL logo
Implemented & Customized by: Eng. M. Mohamady Contact: cnul@cl.cu.edu.eg © All rights reserved — Cairo National University Library